| 000 | 00387nam a2200157Ia 4500 | ||
|---|---|---|---|
| 008 | 230312s9999||||xx |||||||||||||| ||und|| | ||
| 020 | _a0-07-120213-7 | ||
| 082 |
_a330 _bFRA |
||
| 100 | _aFrank, Robert | ||
| 245 | 0 | _aPrincipal of Economics | |
| 260 |
_bMc Graw Hill _aLondon _c2001 |
||
| 300 | _a835 | ||
| 546 | _aEng. | ||
| 650 |
_aEconomics _vthinking like an economist |
||
| 942 | _cBK | ||
| 999 |
_c2484 _d2484 |
||